National Soccer League (Australia; 1977-2004) Teams - Statistics

General Stats
  • This quiz has been taken 19 times
  • The average score is 22 of 42
Answer Stats
Answer City State/
territory
Ethnic origin % Correct
Adelaide City Adelaide SA Italian
94%
Adelaide United Adelaide SA N/A
94%
Melbourne Knights Melbourne VIC Croatian
94%
Brisbane City Brisbane QLD Italian
88%
Brisbane Strikers Brisbane QLD N/A
88%
Canberra City Canberra ACT N/A
88%
Canberra Cosmos Canberra ACT N/A
88%
Newcastle Breakers Newcastle NSW N/A
88%
Newcastle KB United Newcastle NSW N/A
88%
Newcastle Rosebud United Newcastle NSW N/A
88%
Newcastle United Newcastle NSW N/A
88%
Perth Glory Perth WA N/A
88%
Sydney City Sydney NSW Jewish
88%
Sydney Olympic Sydney NSW Greek
88%
Sydney United Sydney NSW Croatian
88%
Wollongong Wolves Wollongong NSW N/A
76%
Wollongong Macedonia Wollongong NSW Macedonian
71%
South Melbourne Melbourne VIC Greek
65%
Morwell Falcons Morwell VIC Italian
53%
Preston Lions Melbourne VIC Macedonian
47%
APIA Leichhardt Sydney NSW Italian
41%
Brunswick Juventus Melbourne VIC Italian
41%
Marconi Sydney NSW Italian
41%
Green Gully Melbourne VIC Maltese
35%
Heidelberg United Melbourne VIC Greek
35%
Carlton Melbourne VIC N/A
29%
Queensland Lions Brisbane QLD Dutch
29%
Collingwood Warriors Melbourne VIC N/A
24%
Football Kingz Auckland NZ N/A
24%
Sunshine George Cross Melbourne VIC N/A
24%
West Adelaide Adelaide SA Greek
24%
Mooroolbark Melbourne VIC Dutch/British
18%
Northern Spirit Sydney NSW N/A
18%
Parramatta Eagles Sydney NSW Maltese
18%
Parramatta Power Sydney NSW N/A
18%
Penrith City Sydney NSW N/A
18%
St George Saints Sydney NSW Hungarian
18%
Blacktown City Sydney NSW N/A
12%
Canterbury-Marrickville Sydney NSW N/A
12%
Footscray JUST Melbourne VIC Yugoslav
12%
Inter Monaro Canberra/Queanbeyan ACT/NSW N/A
12%
Western Suburbs Sydney NSW N/A
12%
No matching quizzes found
Score Distribution
Percent of People with Each Score
Percentile by Number Answered
Your Score History
You have not taken this quiz